All Dreamcatcher Songs (until Justice) - Statistics

General Stats
  • This quiz has been taken 26 times
  • The average score is 67 of 100
Answer Stats
Answer % Correct
BEcause
100%
BOCA
100%
Odd Eye
100%
What
100%
BONVOYAGE
94%
Chase Me
94%
Deja Vu
94%
Maison
94%
SAHARA
94%
Scream
94%
YOU AND I
94%
Fly High
88%
Intro : 7′ Dreamcatcher
88%
PIRI
88%
Red Sun
88%
Vision
88%
Before & After (Intro)
81%
Break The Wall
81%
Cherry (Real Miracle) – (JiU solo)
81%
Full Moon
81%
GOOD NIGHT
81%
INSIDE – OUTSIDE (Intro)
81%
In The Frozen
81%
Intro : Chaotical X
81%
Intro : From us
81%
Intro : Save Us
81%
Intro : This My Fashion
81%
JUSTICE
81%
No Dot” (SuA solo)
81%
OOTD
81%
Wind Blows
81%
Alldaylong
75%
Breaking Out
75%
DEMIAN
75%
Endless Night
75%
Intro
75%
Propose
75%
R.o.S.E BLUE (Prod ESTi)
75%
2 Rings
69%
Airplane
69%
Black Or White
69%
Can’t get you out of my mind
69%
For - (Yoohyeon solo)
69%
Mayday
69%
Playground - (Gahyeon solo)
69%
Reason
69%
Silent Night
69%
Starlight
69%
Whistle
69%
Beauty Full - (Dami solo)
63%
Dear
63%
Fireflies
63%
Jazz Bar
63%
Lullaby
63%
No More
63%
Poison Love
63%
Polaris
63%
Rising
63%
The curse of the Spider
63%
Winter – (Handong Solo)
63%
A Heart of Sunflower
56%
Always
56%
Diamond
56%
Don’t Light My Fire
56%
Eclipse
56%
Entrancing – (Siyeon solo)
56%
Fairytale
56%
New Days
56%
Outro
56%
Outro : Mother Nature
56%
Paradise (Siyeon Solo)
56%
Shatter
56%
Sleep-walking
56%
STØMP!
56%
Trap
56%
Wonderland
56%
And there was no one left
50%
Daydream
50%
Emotion
50%
July 7th
50%
Locked Inside A Door
50%
My Way
50%
Over the Sky
50%
Rainy Day
50%
Tension
50%
Together
50%
To. Yo
50%
We Are Young
50%
4 Memory
44%
I Miss You
44%
My Toys
44%
Scar
44%
Some Love
44%
Wake Up
44%
Be the Future (with AleXa, IN2IT)
38%
My Christmas Sweet Love
38%
Skit : The Seven Doors
38%
Which a star
38%
Trust Me!
31%
Welcome to Dream
31%
No matching quizzes found
Score Distribution
Percent of People with Each Score
Percentile by Number Answered
Your Score History
You have not taken this quiz